Mental health practice with LGbTQ+ children, adolescents, and emerging adults in multiple systems of care (Record no. 1429615)

MARC details
000 -LEADER
fixed length control field 00720nam a2200217Ia 4500
005 - DATE AND TIME OF LATEST TRANSACTION
control field 20250701165320.0
008 - FIXED-LENGTH DATA ELEMENTS--GENERAL INFORMATION
fixed length control field 008 250516s9999 xx 000 0 eng d
020 ## - INTERNATIONAL STANDARD BOOK NUMBER
International Standard Book Number 9781538154472
040 ## - CATALOGING SOURCE
Language of cataloging eng
Transcribing agency SDCL
041 ## - LANGUAGE CODE
Language code of text/sound track or separate title eng
Source of code eng
084 ## - COLON CLASSIFICATION NUMBER
Classification number SI:7 R3
245 #0 - TITLE STATEMENT
Title Mental health practice with LGbTQ+ children, adolescents, and emerging adults in multiple systems of care
260 ## - PUBLICATION, DISTRIBUTION, ETC.
Place of publication, distribution, etc. Lanham :
Name of publisher, distributor, etc. Rowman & Littlefield,
Date of publication, distribution, etc. 2023.
300 ## - PHYSICAL DESCRIPTION
Extent xx, 408p.
490 ## - SERIES STATEMENT
Series statement Diverse sexualities, genders, and relationships
650 ## - SUBJECT ADDED ENTRY--TOPICAL TERM
Topical term or geographic name entry element Applied Psychology
700 ## - ADDED ENTRY--PERSONAL NAME
Personal name Magalhães, Cristina L. Ed.
700 ## - ADDED ENTRY--PERSONAL NAME
Personal name Sprott, Richard A. Ed.
700 ## - ADDED ENTRY--PERSONAL NAME
Personal name Rider, G. Nic Ed.
942 ## - ADDED ENTRY ELEMENTS (KOHA)
Koha item type Textual
Source of classification or shelving scheme Colon Classification (CC)
700 ## - ADDED ENTRY--PERSONAL NAME
-- 809618
700 ## - ADDED ENTRY--PERSONAL NAME
-- 815133
700 ## - ADDED ENTRY--PERSONAL NAME
-- 815134
999 ## -
-- 1429615
-- 1429615
Holdings
Withdrawn status Lost status Source of classification or shelving scheme Damaged status Not for loan Home library Current library Date acquired Source of acquisition Inventory number Total checkouts Full call number Barcode Date last seen Price effective from Koha item type
    Colon Classification (CC)     South Campus Library South Campus Library 2025-05-22 Sunrise Books 1152, 26/12/2024   SI:7 R3 SC1690827 2025-05-22 2025-05-22 Textual
Copyright @ Delhi University Library System